| 000 | 01119nam a2200253 i 4500 | ||
|---|---|---|---|
| 001 | 115253 | ||
| 003 | ES-MaACL | ||
| 005 | 20250707062624.0 | ||
| 007 | t| | ||
| 008 | 070227s1910 sp ||||1| spa d | ||
| 080 | _a82"19"(082.2) | ||
| 100 | 1 |
_aPicón, Jacinto Octavio, _d1852-1923 _991875 |
|
| 245 | 1 | 3 |
_aEl guarda del monte / _c[Jacinto Octavio Picón. Don Pedro Franqueza, Conde de Villalonga / Antonio de Zayas. Sonetos de buen ayer / Emilio Carrere. El patio tranquilo: sainete comprimido / J. Lopez Silva. Retablo medieval / F. Villaespesa. Al cerrar los ojos / Ramiro de Maeztu. Confesión / Alberto Insúa. Pregón de flores / Manuel Machado. |
| 260 |
_aMadrid : _bEl Cuento Semanal, _c1910. |
||
| 300 |
_a[24] p. : _bil. ; _c26 cm. |
||
| 490 | 1 |
_aEl cuento semanal ; _vaño 4, n. 209 |
|
| 500 | _aPáginas deterioradas. | ||
| 700 | 1 |
_aZayas, Antonio de, _d1871-1945 _9118118 |
|
| 700 | 1 |
_aCarrere, Emilio. _935691 |
|
| 740 | 0 | _aAutores y títulos tomados del interior del texto. | |
| 830 | 0 | 3 |
_aEl cuento semanal _vaño 4, n. 209 _9185957 |
| 852 |
_aES-MaACL _jG-4446(26) |
||
| 999 |
_c115253 _d115253 |
||